01246nam a2200301Ia 4500999001500000001000900015003000600024005001700030008004100047040001300088082001700101090002200118092001400140100002800154245003700182260007100219300002500290500008300315500014600398500005500544504004100599650002500640650001700665700006900682740005900751942001200810952012200822 c4482d448216119372OCoLC20181206160952.0870701q19701972miu b 000 0 eng d aPGMcPGM a262.73bO97C aBT972b.O94 1970z a231bOw2c1 aOwen, John,d1616-1683.10aCommunion with God /cJohn Owen. aGrand Rapids, Mich. :bAssociated Publishers and Authors,c[197-?] aii, 364 p. ;c23 cm. aTitle on contents page: Of communion with God the Father, Son, and Holy Ghost. aIncludes A vindication of some passages in a discourse concerning communion with God, from The exceptions of William Sherlock (p. [277]-364). aContents described on p. ii do not appear in book. aIncludes bibliographical references. 0aCommunion of saints. 0aHoly Spirit.1 aSherlock, William,d1641?-1707.tExceptions of William Sherlock.01aOf communion with God the Father, Son, and Holy Ghost. 2ddccBK 00102ddc40718NFICaHMCbHMCcGENd2018-12-06g190.00l0o262.73 O97Cp005172r2018-12-06 00:00:00w2018-12-06yBK